000 00782cam a2200253 a 4500
001 11836681
003 0
005 20170224115010.0
008 991105s2000 maua b 001 0 eng
010 _a 99057905
020 _a0201616467 (acidfree paper)
020 _a9780204616460
040 _cSPU
042 _apcc
050 0 0 _aQA76.73
_b.J38H34 2000
100 1 _aHaggar, Peter,
_d1965-
245 1 0 _aPractical Java :
_bprogramming language guide /
_cPeter Haggar.
260 _aReading, Mass. :
_bAddison-Wesley,
_c2000.
300 _axxx, 279 p. :
_bill. ;
_c24 cm.
440 0 _aAddison-Wesley professional computing series
504 _aIncludes bibliographical references (p. 246-247) and index.
650 0 _aJava (Computer program language)
942 _2lcc
_cBK
999 _c48969
_d48969